00241nam a22000857a 4500100003000000245006700030260002600097300000700123650002500130 aSenevirathna,R.D.Wickrama aPulp and Paper Industry its Benifits and Environmental Impacts aColombobIchemcc2013 a26 apulp and papera2013